000 00968nam a22003017a 4500
001 BR7908901
003 BR-BrBNA
005 20230928090410.0
007 ta
008 230509b bl.||||| |||| 00| 0 por d
040 _aBR-BrBNA
_bpor
_cBiblioteca Nacional de Agricultura
041 _a(Por)
072 _aP00
_b/G514
090 _ P00 BR7908901
100 1 _aSausen, T.M.
110 1 _aInstituto de Pesquisas Espaciais, Sao Jose dos Campos, SP (Brasil)
245 1 _aRelatorio do 2. trabalho de campo do projeto estudo dinamico do Alto Sao Francisco [Brasil]
_bINPE-1602;RPE/083
260 3 _aSao Jose dos Campos, SP (Brasil):
_c1979.
300 _a188 p.
500 _a83 illus.; 45 tables; 15 Maps (scale 1:500.000 to 1:1.000.000); Summaries (Eng, Por)
650 _aACUDE
650 _aRIO SAO FRANCISCO
650 _aRECURSO HIDRICO
650 _aRECURSO DO SOLO
650 _aVEGETACAO
909 _a202309
_bLucia
_c55
_dLucia Elande
942 _cBK
999 _c28700
_d28700